Breves notas sobre algunos azulejos de Barcelos (Record no. 7569)

MARC details
000 -CABECERA
campo de control de longitud fija 00653nam a2200217 a 4500
001 - NÚMERO DE CONTROL
campo de control BRCA_7897
005 - FECHA Y HORA DE LA ÚLTIMA TRANSACCIÓN
campo de control 20190320210037.0
008 - DATOS DE LONGITUD FIJA--INFORMACIÓN GENERAL
campo de control de longitud fija 070214s1962----bl-a######---#000-0#spa-#
041 ## - CÓDIGO DE LENGUA
Código de lengua del texto/banda sonora o título independiente spa
044 ## - CÓDIGO DEL PAÍS DE LA ENTIDAD EDITORA/PRODUCTORA
Código MARC del país bl
050 #4 - SIGNATURA TOPOGRÁFICA DE LA BIBLIOTECA DEL CONGRESO
Número de clasificación NK4670
Número de documento/Ítem .S26 1962
100 1# - ENTRADA PRINCIPAL--NOMBRE DE PERSONA
Nombre de persona Santos Simues, J. M.
9 (RLIN) 19529
245 10 - MENCIÓN DE TÍTULO
Título Breves notas sobre algunos azulejos de Barcelos
Mención de responsabilidad, etc. J. M. Santos Simues.
260 ## - PUBLICACIÓN, DISTRIBUCIÓN, ETC.
Lugar de publicación, distribución, etc. Barcelos, Brasil
Nombre del editor, distribuidor, etc. Grupo Alcaides de Faria
Fecha de publicación, distribución, etc. 1962
300 ## - DESCRIPCIÓN FÍSICA
Extensión 9 p.
Otras características físicas il., 4 láminas
Dimensiones 24 cm.
500 ## - NOTA GENERAL
Nota general Separata del ´Boletim do Grupo Alcaides di Faria´, no. 3
500 ## - NOTA GENERAL
Nota general Y173
650 14 - PUNTO DE ACCESO ADICIONAL DE MATERIA--TÉRMINO DE MATERIA
Término de materia o nombre geográfico como elemento de entrada Azulejos brasileños
9 (RLIN) 19530
902 ## - CATALOGADOR
Iniciales GFM
942 ## - ELEMENTOS DE PUNTO DE ACCESO ADICIONAL (KOHA)
Fuente del sistema de clasificación o colocación Library of Congress Classification
Tipo de ítem Koha Libros
Holdings
Estado de retiro Estado de pérdida Estado dañado No para préstamo Localización permanente Ubicación/localización actual Fecha de adquisición Número de inventario Total de préstamos Signatura topográfica completa Código de barras Fecha visto por última vez Precio válido a partir de Tipo de ítem Koha
El ejemplar forma parte de la colección y puede ser consultado según las políticas vigentes.       Biblioteca del Museo Franz Mayer (Rogerio Casas-Alatriste) Biblioteca del Museo Franz Mayer (Rogerio Casas-Alatriste) 06/02/2014 Y173   NK4670 .S26 1962 (Y173) 8508 22/03/2019 22/03/2019 Libros